00796nam a22002297a 450000500170000000800410001701000130005802000230007103500130009403700130010704000170012008200120013710000220014924500740017126000330024527000630027830000190034150000190036094200310037999900190041095201370042920180626141903.0180626b xxu||||| |||| 00| 0 eng d aB-167157 c395.00a8178241080 aB-167157 bBPPD/PUB aDPLbEnglish a796.358 aGuha, Ramachandra aThe state of Indian cricket :bAnecodotal historiescRamachandra Guha aDelhibPermanent blackc2005 bDelhiaD-28, Oxford Apartments, 11, I.P. Extensione110092 a308pc23cm(Hb) aincludes index adplcEN2ddch796.358mGUH c153111d153111 00102ddc40708NFICaBL4bBL4d2018-06-26eBPPD/PUBg395.00l0o796.358 GUHpB-167157r2018-06-26 00:00:00v395.00w2018-06-26yEN